00718nam a2200229 a 4500001001300000003000900013005001700022008004100039020002300080082001500103100002000118245007200138260004000210300000900250500003500259650002600294700002000320902000800340942000700348952011600355999001700471nice12345678IN_TiNIC20260116014133.0090112s2007 newa grp 000 0 eng  a8125031588 c41000a305.3bCHO aChopra, Radhika aReframing Masculinitiesb Narrating the Supportive Practices of Men aNew Delhi bOrient Blackswan c2007 a208p aincludes index and biblioraphy aGender Discrimination1 aChopra, Radhika bSRS cBK 001040708StackRoom-aHMIbHMId2013-09-03g410.00l0o305.3 CHOp022593r2013-09-03v410.00w2009-01-12yBK c14037d14037